| 000 | 00000nas##2200000za#4500 |
| 001 | 9.515770 |
| 003 | CaOODSP |
| 005 | 20210305151632 |
| 007 | ta |
| 008 | 150406c1988||||xxc|| p #||||f| |0eng|d |
| 022 | |a0704-5603 |
| 040 | |aCaOODSP|beng |
| 043 | |an-cn--- |
| 086 | 1 |aX3E |
| 110 | 1 |aCanada. |bParliament. |bHouse of Commons. |
| 245 | 10|aHouse of Commons debates, official report |
| 246 | 3 |aHouse of Commons debates, official report (Hansard) |
| 260 | |aOttawa - Ontario : |bHouse of Commons |
| 310 | |aDaily |
| 362 | 1 |a21st Parliament, 4th session, v. 1 (1951) -- |
| 500 | |a"Issued daily with regular cumulations. The daily ed. and the cumulations have different numbering."--Amicus No. 34739 (CaOONL). |
| 563 | |aProcessed |
| 775 | 08|tDébats de la Chambre des communes : |w(CaOODSP)9.514091 |
| 776 | 0#|tDebates of the House of Commons of Canada (Hansard) |w(CaOODSP)9.507180 |